[Event "Salou Salauris op 1st"]
[Site "Salou"]
[Date "2021.06.25"]
[Round "2"]
[White "Barberans Sola, Sebastian"]
[Black "Benet Saniger, Xavier"]
[Result "1-0"]
[WhiteElo "1869"]
[BlackElo "1710"]
[PlyCount "101"]
[EventDate "2021.06.25"]
[EventType "swiss"]
[EventRounds "7"]
[EventCountry "ESP"]
[SourceTitle "CBM 203 Extra"]
[Source "ChessBase"]
[SourceDate "2021.09.30"]
[SourceVersion "1"]
[SourceVersionDate "2021.09.30"]
[SourceQuality "1"]

1. d4 d5 2. Bf4 e6 3. e3 Bd6 4. Bg3 c5 5. c3 Nc6 6. Nf3 Nf6 7. Nbd2 c4 8. Ne5 Qc7 9. f4 b5 10. Qf3 Bb7 11. Be2 b4 12. 0-0 0-0-0 13. Rfc1 h5 14. Nxc6 Bxc6 15. cxb4 h4 16. Be1 Bxb4 17. a3 Bxd2 18. Bxd2 Ne4 19. Be1 Ba4 20. Bxc4 dxc4 21. Qxe4 Bc6 22. Qc2 Bb5 23. b3 Kb8 24. bxc4 Bc6 25. Rab1+ Bb7 26. Qa4 Rd6 27. Ba5 Qd7 28. Qxd7 Rxd7 29. c5 Ka8 30. Rb2 Be4 31. Rd1 Rb7 32. Rb4 h3 33. g3 Rhb8 34. Rd2 Rxb4 35. axb4 a6 36. Rb2 g6 37. Kf2 Rb5 38. Bb6 f5 39. Ke2 Kb7 40. Kd2 Bd5 41. Kc3 Be4 42. d5 exd5 43. Kd4 Kc6 44. Ke5 Bf3 45. Ke6 Bh5 46. Kf6 Kb7 47. Kg5 Kc6 48. g4 Bxg4 49. Kxg6 Kd7 50. Kf6 Kc6 51. Ke6 1-0

[Event "Salou Salauris op 1st"]
[Site "Salou"]
[Date "2021.06.25"]
[Round "1"]
[White "Martinez Marco, Gregorio"]
[Black "Barberans Sola, Sebastian"]
[Result "0-1"]
[WhiteElo "1252"]
[BlackElo "1869"]
[PlyCount "70"]
[EventDate "2021.06.25"]
[EventType "swiss"]
[EventRounds "7"]
[EventCountry "ESP"]
[SourceTitle "CBM 203 Extra"]
[Source "ChessBase"]
[SourceDate "2021.09.30"]
[SourceVersion "1"]
[SourceVersionDate "2021.09.30"]
[SourceQuality "1"]

1. e4 e6 2. Nf3 d5 3. e5 c5 4. d4 Qb6 5. Be2 Nc6 6. dxc5 Bxc5 7. 0-0 Nge7 8. Bg5 Qxb2 9. Nbd2 Nxe5 10. Bxe7 Bxe7 11. Nxe5 Qxe5 12. Re1 0-0 13. Nf3 Qc7 14. Rb1 Bd7 15. Nd4 a6 16. Qd2 Rfc8 17. Rec1 b5 18. c3 h6 19. Bd3 Bg5 20. Qc2 Bxc1 21. Rxc1 Qf4 22. Ne2 Qf6 23. h3 e5 24. Ng3 e4 25. Be2 b4 26. c4 Rc5 27. Nh5 Qe5 28. Qb3 a5 29. Qe3 d4 30. Qb3 Rac8 31. Qg3 Qxg3 32. Nxg3 f5 33. Bh5 f4 34. Nxe4 Rxh5 35. c5 Rd5 0-1

[Event "Catalunya-chT Gp2"]
[Site "Barcelona"]
[Date "2020.01.25"]
[Round "2.10"]
[White "Barberans Sola, Sebastian"]
[Black "Martinez Ramirez, Erik"]
[Result "0-1"]
[WhiteElo "1834"]
[BlackElo "2229"]
[PlyCount "80"]
[EventDate "2020.01.18"]
[EventType "team-tourn"]
[EventRounds "7"]
[EventCountry "ESP"]
[SourceTitle "CBM 194 Extra"]
[Source "ChessBase"]
[SourceDate "2020.03.31"]
[SourceVersion "1"]
[SourceVersionDate "2020.03.31"]
[SourceQuality "1"]
[WhiteTeam "Salauris"]
[BlackTeam "Barbera"]
[WhiteTeamCountry "ESP"]
[BlackTeamCountry "ESP"]

1. d4 Nf6 2. Bf4 g6 3. e3 Bg7 4. Be2 d5 5. Nf3 b6 6. Ne5 Bb7 7. Nd2 Nfd7 8. Ndf3 f6 9. Nxd7 Nxd7 10. c3 c6 11. Qc2 e5 12. Bg3 Qe7 13. 0-0 0-0 14. a4 e4 15. Nd2 f5 16. f3 exf3 17. Bxf3 Qxe3+ 18. Bf2 Qe6 19. Rfe1 Qf7 20. a5 Nf6 21. axb6 axb6 22. Rxa8 Rxa8 23. Qb3 b5 24. Bg3 Ne4 25. Nxe4 dxe4 26. Qxf7+ Kxf7 27. Bd1 Bc8 28. Bd6 Be6 29. Ba3 Bh6 30. Kf2 Bd2 31. Re3 Bxe3+ 32. Kxe3 Bd5 33. g3 g5 34. h3 Ke6 35. Be2 Ra7 36. h4 gxh4 37. gxh4 Rg7 38. Kf4 Rg2 39. Bh5 Rf2+ 40. Kg3 e3 0-1

[Event "Torredembarra op 21st"]
[Site "Torredembarra"]
[Date "2019.07.08"]
[Round "3"]
[White "Pogorelov, Ruslan"]
[Black "Barberans Sola, Sebastian"]
[Result "1-0"]
[WhiteElo "2347"]
[BlackElo "1887"]
[PlyCount "42"]
[EventDate "2019.07.06"]
[EventType "swiss"]
[EventRounds "9"]
[EventCountry "ESP"]
[SourceTitle "CBM 191 Extra"]
[Source "ChessBase"]
[SourceDate "2019.09.30"]
[SourceVersion "1"]
[SourceVersionDate "2019.09.30"]
[SourceQuality "1"]

1. Nf3 d5 2. d4 Nc6 3. Bf4 Nf6 4. e3 Bf5 5. c4 e6 6. a3 Bd6 7. Bg5 h6 8. Bh4 g5 9. Bg3 Ne4 10. cxd5 exd5 11. Nc3 Bxg3 12. hxg3 Qd6 13. Bb5 Ke7 14. Rc1 Nd8 15. Bd3 Nxc3 16. Rxc3 Bxd3 17. Qxd3 Ne6 18. 0-0 Raf8 19. e4 c6 20. Re1 Kd8 21. b4 a6 1-0

[Event "Cardona Memorial 22nd"]
[Site "Catalunya"]
[Date "2019.04.06"]
[Round "8"]
[White "Cabanillas Roca, Christian"]
[Black "Barberans Sola, Sebastian"]
[Result "0-1"]
[WhiteElo "1782"]
[BlackElo "1887"]
[PlyCount "100"]
[EventDate "2019.03.16"]
[EventType "swiss"]
[EventRounds "8"]
[EventCountry "ESP"]
[SourceTitle "EXT 2020"]
[Source "ChessBase"]
[SourceDate "2019.10.17"]
[SourceVersion "1"]
[SourceVersionDate "2019.10.17"]
[SourceQuality "1"]

1. e4 e6 2. d4 d5 3. Nd2 Nf6 4. Bd3 c5 5. c3 Nc6 6. e5 Nd7 7. Ne2 Qb6 8. Nf3 Be7 9. 0-0 0-0 10. b3 cxd4 11. cxd4 Kh8 12. Bb2 Nb4 13. Bb1 Rg8 14. a3 Nc6 15. Qd3 Nf8 16. b4 Na5 17. Nd2 Bd7 18. Qf3 Be8 19. Bd3 Nc6 20. Rac1 f5 21. exf6 Bxf6 22. Nb3 Ne7 23. Nf4 Bg5 24. Rc2 Ba4 25. Rc3 Bxb3 26. Rxb3 Bxf4 27. Qxf4 Nfg6 28. Qg4 Rgf8 29. Bb1 Rf4 30. Qe2 Raf8 31. Rh3 Rh4 32. Rxh4 Nxh4 33. Qg4 Nhf5 34. Re1 Rf6 35. Qh5 Qd8 36. Bc1 g6 37. Qd1 Ng7 38. Bg5 Rf7 39. Qg4 Qd7 40. h4 Nef5 41. Be3 Qc7 42. Rc1 Qd7 43. Qh3 Qd8 44. Qg4 Nxe3 45. fxe3 Qf6 46. Qe2 Nf5 47. Rc8+ Kg7 48. h5 Ng3 49. h6+ Kxh6 50. Qe1 Qh4 0-1

[Event "Tarragona Province-ch"]
[Site "Tarragona"]
[Date "2018.11.11"]
[Round "7.1"]
[White "Bru Rullo, Llatzer"]
[Black "Barberans Sola, Sebastian"]
[Result "1-0"]
[WhiteElo "2179"]
[BlackElo "1906"]
[PlyCount "37"]
[EventDate "2018.09.30"]
[EventType "swiss"]
[EventRounds "9"]
[EventCountry "ESP"]
[SourceTitle "CBM 187 Extra"]
[Source "ChessBase"]
[SourceDate "2018.11.04"]
[SourceVersion "1"]
[SourceVersionDate "2018.11.04"]
[SourceQuality "1"]

1. d4 d5 2. Nf3 Nf6 3. c4 Nc6 4. Nc3 dxc4 5. e4 e5 6. d5 Nb8 7. Nxe5 Bd6 8. Nxc4 0-0 9. Nxd6 Qxd6 10. Be2 Re8 11. f3 Nbd7 12. 0-0 Ne5 13. Be3 a6 14. f4 Neg4 15. Bd4 Qd7 16. e5 Qf5 17. exf6 Ne3 18. Bxe3 Rxe3 19. Qd4 1-0

[Event "Tarragona Province-ch"]
[Site "Tarragona"]
[Date "2018.10.28"]
[Round "5"]
[White "Barberans Sola, Sebastian"]
[Black "Regue Farran, Enric"]
[Result "1-0"]
[WhiteElo "1906"]
[BlackElo "1972"]
[PlyCount "35"]
[EventDate "2018.09.30"]
[EventType "swiss"]
[EventRounds "9"]
[EventCountry "ESP"]
[SourceTitle "CBM 187 Extra"]
[Source "ChessBase"]
[SourceDate "2018.11.04"]
[SourceVersion "1"]
[SourceVersionDate "2018.11.04"]
[SourceQuality "1"]

1. d4 Nf6 2. Bf4 e6 3. e3 d5 4. Nd2 c5 5. c3 Nc6 6. Ngf3 Bd6 7. Bg3 cxd4 8. exd4 Bxg3 9. hxg3 Qd6 10. Bb5 Bd7 11. Qe2 a6 12. Bd3 0-0-0 13. Ne5 Rdf8 14. Nb3 g6 15. Bxa6 bxa6 16. Qxa6+ Kd8 17. Na5 Ne4 18. Nb7+ 1-0

[Event "Torredembarra op 20th"]
[Site "Torredembarra"]
[Date "2018.07.05"]
[Round "6"]
[White "Delchev, Aleksander"]
[Black "Barberans Sola, Sebastian"]
[Result "1-0"]
[WhiteElo "2563"]
[BlackElo "1872"]
[PlyCount "53"]
[EventDate "2018.06.30"]
[EventType "swiss"]
[EventRounds "9"]
[EventCountry "ESP"]
[SourceTitle "CBM 185 Extra"]
[Source "ChessBase"]
[SourceDate "2018.07.29"]
[SourceVersion "1"]
[SourceVersionDate "2018.07.29"]
[SourceQuality "1"]

1. c4 e5 2. g3 g6 3. d4 Bg7 4. dxe5 Bxe5 5. Bg2 Nc6 6. Nf3 Bg7 7. Nc3 d6 8. 0-0 Be6 9. Ng5 Bxc3 10. Nxe6 fxe6 11. bxc3 Qd7 12. c5 d5 13. c4 Nge7 14. cxd5 exd5 15. Qb3 0-0-0 16. Rd1 Qe6 17. Rb1 Na5 18. Qb5 Nec6 19. Bd2 a6 20. Qa4 Nc4 21. Qb3 b6 22. Bg5 Ne7 23. cxb6 Nxb6 24. Qa3 Kd7 25. e4 Ke8 26. exd5 Nbxd5 27. Re1 1-0

[Event "Salou op U2300 3rd"]
[Site "Salou"]
[Date "2018.04.29"]
[Round "3"]
[White "Barberans Sola, Sebastian"]
[Black "Ribera Veganzones, Josep Maria"]
[Result "1-0"]
[WhiteElo "1888"]
[BlackElo "1722"]
[PlyCount "87"]
[EventDate "2018.04.28"]
[EventType "swiss"]
[EventRounds "7"]
[EventCountry "ESP"]
[SourceTitle "CBM 184 Extra"]
[Source "ChessBase"]
[SourceDate "2018.06.28"]
[SourceVersion "1"]
[SourceVersionDate "2018.06.28"]
[SourceQuality "1"]

1. d4 d5 2. Bf4 Nf6 3. e3 g6 4. Be2 Bg7 5. Nd2 0-0 6. h4 h5 7. Nh3 c5 8. c3 Nc6 9. Ng5 Re8 10. Ndf3 Ng4 11. Bb5 e5 12. dxe5 Ngxe5 13. Nxe5 Bxe5 14. Bxe5 Rxe5 15. Bxc6 bxc6 16. Qa4 Qb6 17. 0-0 Bf5 18. Qf4 Ree8 19. Rfd1 Qxb2 20. e4 dxe4 21. Rab1 Qc2 22. Nxf7 Kxf7 23. Rb7+ Kg8 24. Rc1 Qd3 25. Qh6 Bd7 26. Qxg6+ Kf8 27. Qh7 Rad8 28. Qh8+ Ke7 29. Qg7+ Ke6 30. Qg6+ Ke7 31. Re1 Kf8 32. Qf6+ Kg8 33. Re3 c4 34. Rg3+ Qxg3 35. fxg3 e3 36. Kh2 e2 37. Rb1 Bg4 38. Qxc6 e1Q 39. Qg6+ Kf8 40. Qf6+ Kg8 41. Rxe1 Rxe1 42. Qxd8+ Kf7 43. Qc7+ Kf6 44. Qxc4 1-0

[Event "Vilafranca del Penedes op 12th"]
[Site "Vilafranca del Penedes"]
[Date "2018.04.20"]
[Round "3"]
[White "Vilella Bertran, Joan"]
[Black "Barberans Sola, Sebastian"]
[Result "1-0"]
[WhiteElo "1993"]
[BlackElo "1888"]
[PlyCount "91"]
[EventDate "2018.04.06"]
[EventType "swiss"]
[EventRounds "8"]
[EventCountry "ESP"]
[SourceTitle "CBM 184 Extra"]
[Source "ChessBase"]
[SourceDate "2018.06.28"]
[SourceVersion "1"]
[SourceVersionDate "2018.06.28"]
[SourceQuality "1"]

1. c4 g6 2. Nc3 Bg7 3. g3 d6 4. Bg2 e5 5. b4 c6 6. Rb1 Bd7 7. d3 Na6 8. Nf3 Nh6 9. 0-0 0-0 10. Bg5 f6 11. Bd2 Nc7 12. a4 a6 13. h3 Qc8 14. Kh2 Nf7 15. Qb3 Ne6 16. e3 f5 17. a5 g5 18. Na4 Qe8 19. Nb6 Rd8 20. Bc3 Nc7 21. Nxd7 Qxd7 22. Nd2 d5 23. cxd5 Nxd5 24. Bb2 f4 25. exf4 gxf4 26. Ne4 Qe7 27. Nc5 fxg3+ 28. fxg3 Ne3 29. Rf3 Nxg2 30. Kxg2 Rd6 31. Rbf1 Rd5 32. Ne4 Ng5 33. Rxf8+ Bxf8 34. Nf6+ Kg7 35. Nxd5 Qe6 36. g4 cxd5 37. Rf5 Nf7 38. b5 Bc5 39. bxa6 bxa6 40. Qb8 d4 41. Qb7 Be7 42. Rf2 Bh4 43. Rf1 Bg5 44. Qf3 Bf4 45. Bxd4 Ng5 46. Qxf4 1-0

[Event "Tarragona-chA"]
[Site "Tarragona"]
[Date "2017.11.12"]
[Round "7"]
[White "Regue Farran, Enric"]
[Black "Barberans Sola, Sebastian"]
[Result "0-1"]
[WhiteElo "1950"]
[BlackElo "1877"]
[PlyCount "40"]
[EventDate "2017.10.08"]
[EventType "swiss"]
[EventRounds "9"]
[EventCountry "ESP"]
[SourceTitle "CBM 181 Extra"]
[Source "ChessBase"]
[SourceDate "2017.12.12"]
[SourceVersion "1"]
[SourceVersionDate "2017.12.12"]
[SourceQuality "1"]

1. e4 e6 2. d4 d5 3. Nc3 Nf6 4. e5 Nfd7 5. f4 c5 6. Nf3 Nc6 7. Be3 Qb6 8. Na4 Qc7 9. dxc5 Qa5+ 10. c3 b5 11. cxb6 axb6 12. b3 b5 13. Nb2 Qxc3+ 14. Qd2 Bb4 15. Kf2 d4 16. Nxd4 Nxd4 17. Qxd4 Qc2+ 18. Kg3 Bc3 19. Qd6 Ra6 20. Qc7 Be1+ 0-1

[Event "Vilafranca del Penedes op 11th"]
[Site "Vilafranca del Penedes"]
[Date "2017.04.07"]
[Round "2"]
[White "Barberans Sola, Sebastian"]
[Black "Munoz Pantoja, Miguel Angel"]
[Result "0-1"]
[WhiteElo "2061"]
[BlackElo "2529"]
[PlyCount "30"]
[EventDate "2017.03.31"]
[EventType "swiss"]
[EventRounds "8"]
[EventCountry "ESP"]
[SourceTitle "EXT 2018"]
[Source "ChessBase"]
[SourceDate "2017.10.13"]
[SourceVersion "1"]
[SourceVersionDate "2017.10.13"]
[SourceQuality "1"]

1. d4 Nf6 2. Bf4 c5 3. e3 Qb6 4. Nc3 g6 5. a3 Bg7 6. Nf3 0-0 7. Rb1 d6 8. h3 Nh5 9. Bh2 cxd4 10. exd4 Nc6 11. g4 Nf6 12. Bg2 h5 13. g5 Nh7 14. Ne2 e5 15. c3 Bf5 0-1

[Event "Tarragona Province-chA"]
[Site "L'Hospitalet Infant"]
[Date "2016.11.13"]
[Round "7"]
[White "Chavarria Ferre, Josep"]
[Black "Barberans Sola, Sebastian"]
[Result "1-0"]
[WhiteElo "1852"]
[BlackElo "1872"]
[PlyCount "75"]
[EventDate "2016.10.02"]
[EventType "swiss"]
[EventRounds "9"]
[EventCountry "ESP"]
[SourceTitle "EXT 2018"]
[Source "ChessBase"]
[SourceDate "2017.10.13"]
[SourceVersion "1"]
[SourceVersionDate "2017.10.13"]
[SourceQuality "1"]

1. c4 e5 2. Nc3 f5 3. d4 exd4 4. Qxd4 Nc6 5. Qd1 Bc5 6. Nf3 Nf6 7. e3 0-0 8. Bd3 d6 9. 0-0 Ne5 10. Be2 Bd7 11. b3 Kh8 12. Bb2 Qe8 13. Nd5 Rc8 14. Qc2 Ne4 15. Nd4 c6 16. Nf4 Ng4 17. Bxg4 fxg4 18. Rad1 Kg8 19. a3 Bb6 20. Ba1 Bc7 21. Nde6 Bxe6 22. Qxe4 Bf5 23. Qd4 Qf7 24. Nh5 c5 25. Qc3 Bd8 26. Nxg7 Bf6 27. Qxf6 Qxf6 28. Bxf6 Rxf6 29. Nxf5 Rxf5 30. Rxd6 Rcf8 31. Rd7 R8f7 32. Rxf7 Kxf7 33. Rd1 Ke7 34. Rd5 Rxd5 35. cxd5 Kd6 36. e4 b5 37. Kf1 a5 38. Ke2 1-0